000 00333nam a2200133Ia 4500
008 220204s9999 xx 000 0 und d
082 _a013.81527778
_bSEL
100 _aSELWYN, Norman M
245 0 _aLaw of employment
250 _aEd.2
260 _aLondon
_bButterworths
_c1978
650 _aIndustrial relations law
942 _cBK
999 _c30459
_d30459